• 首页
  • 本馆介绍
  • 公告通知
  • 最新文献
  • 馆藏检索
  • 电子资源
  • 读者导购
  • 参考咨询
  • 我的图书馆
  • 登录
  • 详细信息显示
  • 放入我的书架
  • 预约/预借图书
  • 作者相关作品
  • 分类相关作品
  • 丛书相关作品
  • 出版社相关作品

书目信息

  • 表格格式
  • 工作单格式
  • 卡片格式
题名:
古筝小曲集
    
 
作者: 田月 编
分册:  
出版信息: 北京   知识产权出版社  2013.01
页数: 41页
开本: 30cm
丛书名:
单 册:
中图分类: J648.32
科图分类:
主题词: 筝--器乐曲--作品集--中国 , 筝 , 器乐曲
电子资源:
ISBN: 978-7-5130-1388-8
000 00868nam0 2200265 450
001 006390215
005 20130703104419.29
010    @a978-7-5130-1388-8@dCNY36.00
100    @a20121219d2013 em y0chiy0110 ea
101 0  @achi
102    @aCN@b110000
105    @ag z 000yy
106    @ar
200 1  @a古筝小曲集@9gu zheng xiao qu ji@f田月编
210    @a北京@c知识产权出版社@d2013.01
215    @a41页@d30cm@e1光盘
307    @a附光盘:ISBN 978-7-89426-042-0
330    @a本书主要针对古筝考级四级以内的学习者,曲目涉及传统到现代小曲,尤其突出了传统小曲在古筝学习中的作用。所选曲目全面地应用了古筝的基本技法,重点突出传统小曲韵味及风格的掌握。
606 0  @a筝@x器乐曲@x作品集@y中国
606 0  @a筝
606 0  @a器乐曲
690    @aJ648.32@v5
701  0 @a田月@9tian yue@c(女)@4编
801  0 @aCN@bNLC@c20130114
905    @b547152-55@dJ648.32@e168@f4
    
    古筝小曲集/田月编.-北京:知识产权出版社,2013.01
    41页;30cm+1光盘
    
    
    ISBN 978-7-5130-1388-8:CNY36.00
    本书主要针对古筝考级四级以内的学习者,曲目涉及传统到现代小曲,尤其突出了传统小曲在古筝学习中的作用。所选曲目全面地应用了古筝的基本技法,重点突出传统小曲韵味及风格的掌握。
●
相关链接 在E读中查询图书 在五车中查询图书 在当当中查询图书 在豆瓣中查询图书


正题名:古筝小曲集     索取号:J648.32/168         预约/预借

序号 登录号 条形码 馆藏地/架位号 状态 备注
1 547152   205471522   第一样本阅览室/ [索取号:J648.32/168] 在馆    
2 547153   205471531   第一借阅区/ [索取号:J648.32/168] 在馆    
3 547154   205471540   第一借阅区/ [索取号:J648.32/168] 在馆    
4 547155   205471559   第一借阅区/ [索取号:J648.32/168] 在馆    
唐山师范学院图书馆 欢迎您!
大连网信软件有限公司© 版权所有